| 000 | 00408nam a22001457a 4500 | ||
|---|---|---|---|
| 082 |
_a624.1833 _bCON _cL-19, P-29 |
||
| 100 |
_aFaber, Oscar _942879 |
||
| 245 | _aThe Concrete Year Book 1950 | ||
| 260 |
_aLondon _bGreat Britain |
||
| 300 |
_aiv, 1056 P. : _bill. : _c8 Cm |
||
| 526 |
_a0 _b0 _c0 _d624_183300000000000_CON |
||
| 526 |
_a0 _b0 _c0 _d624_183300000000000_CON |
||
| 650 |
_aMCE _9379 |
||
| 942 |
_2ddc _cBK |
||
| 999 |
_c546883 _d546883 |
||